000 00754nam a22002297a 4500
999 _c12810
_d12810
003 AR-CdUCM
008 190410b ||||| |||| 00| 0 fre d
040 _aMUNICIPALIDAD PROVINCIAL DEL CUSCO
_cBIBLIOTECA MUNICIPAL DEL CUSCO
082 _a443 /
_bM26 /1901
100 _aMartínez López
_930885
245 _aDictionnaire français - espagnol :
_bet espagnol - français /
260 _aParis :
_bLibrairie Classique Internationale,
_c1901.
300 _a432 páginas ;
_c12 cm.
500 _aTexto en Francés y Español.
505 _aContenido: A - Z.
650 _aDiccionario
_95196
650 _aFrances
_98795
650 _aAbreviaturas
_913388
700 _aOrrit Fils, M. E.
_930886
942 _2ddc
_cLIBROS
945 _aachl
_d2019-04-10